[Event "Rhein Main op-B 21st"]
[Site "Bad Homburg"]
[Date "2018.06.01"]
[Round "4"]
[White "Kolker, Vladislav"]
[Black "Rieger, Mario"]
[Result "1-0"]
[WhiteElo "1988"]
[BlackElo "1873"]
[PlyCount "67"]
[EventDate "2018.05.30"]
[EventType "swiss"]
[EventRounds "7"]
[EventCountry "GER"]
[SourceTitle "EXT 2019"]
[Source "ChessBase"]
[SourceDate "2018.10.10"]
[SourceVersion "1"]
[SourceVersionDate "2018.10.10"]
[SourceQuality "1"]

1. e4 c6 2. Nf3 d5 3. exd5 cxd5 4. Ne5 Nf6 5. d4 Nc6 6. c3 Nxe5 7. dxe5 Nd7 8. Qxd5 e6 9. Qe4 Qa5 10. f4 a6 11. Nd2 Nc5 12. Qf3 Qc7 13. Be2 Bd7 14. 0-0 Bc6 15. Qf2 0-0-0 16. Kh1 Na4 17. Nb3 Bd5 18. Bf3 Bxf3 19. Qxf3 Be7 20. Rb1 Rd5 21. Be3 Rhd8 22. Bd4 Nc5 23. Bxc5 Bxc5 24. Rbd1 f6 25. Rxd5 Rxd5 26. Nxc5 Qxc5 27. exf6 gxf6 28. Qe4 Qe7 29. Re1 Qd7 30. h3 e5 31. fxe5 fxe5 32. Re2 Qf7 33. Kh2 h6 34. Qc4+ 1-0

[Event "Heusenstamm Sparkassen op-A 4th"]
[Site "Heusenstamm"]
[Date "2017.11.25"]
[Round "5"]
[White "Muedder, Rafael"]
[Black "Rieger, Mario"]
[Result "0-1"]
[WhiteElo "2067"]
[BlackElo "1897"]
[PlyCount "68"]
[EventDate "2017.11.23"]
[EventType "swiss"]
[EventRounds "7"]
[EventCountry "GER"]
[SourceTitle "EXT 2019"]
[Source "ChessBase"]
[SourceDate "2018.10.10"]
[SourceVersion "1"]
[SourceVersionDate "2018.10.10"]
[SourceQuality "1"]

1. e4 c6 2. Nf3 d5 3. exd5 cxd5 4. Ne5 Nf6 5. d4 Nc6 6. c3 Qb6 7. Bd3 g6 8. 0-0 Bg7 9. f4 0-0 10. Nd2 Nxe5 11. fxe5 Ng4 12. Qb3 Bxe5 13. Qxb6 Bxh2+ 14. Kh1 axb6 15. Nf3 Bg3 16. Kg1 Bd7 17. Be2 Bf5 18. Bb5 Be4 19. Ng5 h6 20. Nxe4 dxe4 21. Be2 h5 22. Bg5 f6 23. Bd2 Kg7 24. c4 Nh6 25. Bc3 Nf5 26. d5 Bd6 27. b4 Ng3 28. Rfe1 Rfc8 29. c5 bxc5 30. b5 Ra3 31. Bd2 Nxe2+ 32. Rxe2 Rd3 33. Rd1 f5 34. Kf2 c4 0-1

[Event "Goch op 26th"]
[Site "Goch"]
[Date "2015.09.05"]
[Round "5"]
[White "Arts, Stefan"]
[Black "Rieger, Mario"]
[Result "1/2-1/2"]
[WhiteElo "2168"]
[BlackElo "1912"]
[PlyCount "31"]
[EventDate "2015.09.03"]
[EventType "swiss"]
[EventRounds "7"]
[EventCountry "GER"]
[SourceTitle "EXT 2018"]
[Source "ChessBase"]
[SourceDate "2017.10.13"]
[SourceVersion "1"]
[SourceVersionDate "2017.10.13"]
[SourceQuality "1"]

1. d4 Nf6 2. Nf3 g6 3. c4 Bg7 4. Nc3 d5 5. Bf4 c6 6. e3 0-0 7. h3 Qa5 8. Qd2 Nbd7 9. cxd5 Nxd5 10. Nxd5 Qxd5 11. Be2 Nf6 12. 0-0 Qd8 13. Bg3 Ne4 14. Qb4 Nxg3 15. fxg3 Qc7 16. g4 1/2-1/2

[Event "Goch op 24th"]
[Site "Goch"]
[Date "2013.09.07"]
[Round "4"]
[White "Koch, Markus"]
[Black "Rieger, Mario"]
[Result "1-0"]
[WhiteElo "2146"]
[BlackElo "1957"]
[PlyCount "39"]
[EventDate "2013.09.05"]
[EventType "swiss"]
[EventRounds "7"]
[EventCountry "GER"]
[SourceTitle "EXT 2015"]
[Source "ChessBase"]
[SourceDate "2014.11.20"]
[SourceVersion "1"]
[SourceVersionDate "2014.11.20"]
[SourceQuality "1"]

1. d4 d5 2. c4 c6 3. Nf3 Nf6 4. Nc3 Bf5 5. e3 Nbd7 6. cxd5 cxd5 7. Qb3 Nb6 8. a4 Qc8 9. a5 Nc4 10. Nxd5 Nxa5 11. Nxf6+ exf6 12. Bb5+ Nc6 13. d5 a6 14. dxc6 axb5 15. Rxa8 Qxa8 16. Qxb5 bxc6 17. Qxf5 Bb4+ 18. Bd2 Qa1+ 19. Ke2 Qa6+ 20. Qd3 1-0

[Event "Volme op-F"]
[Site "Schalksmuehle"]
[Date "2007.08.24"]
[Round "1"]
[White "Rieger, Mario"]
[Black "Kuegel, Tobias"]
[Result "0-1"]
[WhiteElo "1646"]
[BlackElo "1584"]
[PlyCount "116"]
[EventDate "2007.08.24"]
[EventType "tourn"]
[EventRounds "5"]
[EventCountry "GER"]
[SourceTitle "EXT 2009"]
[Source "ChessBase"]
[SourceDate "2008.11.26"]
[SourceVersion "1"]
[SourceVersionDate "2008.11.26"]
[SourceQuality "1"]

1. d4 Nf6 2. Nf3 d5 3. c4 Bf5 4. Nc3 e6 5. Bg5 Be7 6. e3 Ne4 7. Bxe7 Qxe7 8. Qa4+ c6 9. cxd5 Nxc3 10. bxc3 exd5 11. c4 0-0 12. Be2 Nd7 13. Qb3 Nf6 14. 0-0 Rfd8 15. Ne5 Ne4 16. Rfd1 Ng5 17. cxd5 cxd5 18. Rac1 Rd6 19. Rc5 Ne4 20. Rb5 b6 21. a4 Rh6 22. Qxd5 Rf8 23. Nf3 Nc3 24. Qxf5 Nxe2+ 25. Kf1 Nc3 26. Re5 Qb4 27. Re1 Qxa4 28. h3 Qc6 29. Re7 Rf6 30. Qd7 Qxd7 31. Rxd7 a5 32. Rc1 Na2 33. Rcc7 Nb4 34. Ne5 g6 35. Re7 Nd5 36. Nd7 Rd6 37. Nxf8 Nxe7 38. Nd7 a4 39. Ne5 a3 40. Rxe7 b5 41. Ra7 b4 42. Nd3 Rb6 43. Nxb4 Rxb4 44. Rxa3 Rb1+ 45. Ke2 Rb2+ 46. Kf3 Kg7 47. e4 Kf6 48. g4 Rb6 49. Ra5 Rb3+ 50. Kg2 Rb4 51. Rd5 Ke6 52. f4 Rb2+ 53. Kg3 Rb3+ 54. Kh4 h6 55. f5+ Kf6 56. e5+ Kg7 57. e6 g5+ 58. Kh5 Rxh3# 0-1

[Event "Goch op 17th"]
[Site "Goch"]
[Date "2006.10.15"]
[Round "6"]
[White "Rieger, Mario"]
[Black "Krebel, Andreas"]
[Result "0-1"]
[WhiteElo "1757"]
[BlackElo "1739"]
[PlyCount "105"]
[EventDate "2006.10.12"]
[EventType "swiss"]
[EventRounds "7"]
[EventCountry "GER"]
[SourceTitle "EXT 2008"]
[Source "ChessBase"]
[SourceDate "2007.11.25"]
[SourceVersion "1"]
[SourceVersionDate "2007.11.25"]
[SourceQuality "1"]

1. d4 d5 2. c4 Nf6 3. Nc3 e6 4. Bg5 Be7 5. Nf3 Nbd7 6. e3 0-0 7. Rc1 b6 8. cxd5 exd5 9. Bb5 Bb7 10. 0-0 c6 11. Bd3 Ne4 12. Bxe7 Qxe7 13. Qc2 Ndf6 14. Ne5 c5 15. Nxe4 dxe4 16. Bc4 cxd4 17. exd4 Rac8 18. Qb3 Rcd8 19. Nxf7 Rxf7 20. Bxf7+ Qxf7 21. Qxf7+ Kxf7 22. Rc7+ Rd7 23. Rfc1 Ke6 24. Rxd7 Kxd7 25. Rc3 Kd6 26. Ra3 a6 27. Rb3 b5 28. a4 Bd5 29. Rg3 g6 30. axb5 axb5 31. Rg5 Nd7 32. h4 Nf8 33. Kf1 Ne6 34. Rg3 Nxd4 35. Ra3 Bc4+ 36. Kg1 Kc5 37. Ra7 h5 38. Rg7 Kb4 39. Rxg6 Kb3 40. Rg5 Be2 41. Re5 Kxb2 42. Rxe4 Kc3 43. f4 Bg4 44. Kf2 b4 45. Re7 b3 46. Rb7 b2 47. Rxb2 Kxb2 48. Ke3 Nf5+ 49. Ke4 Kc2 50. Ke5 Kd3 51. g3 Ke3 52. Kf6 Kf3 53. Kg5 0-1

[Event "Goch op 17th"]
[Site "Goch"]
[Date "2006.10.13"]
[Round "2"]
[White "Rieger, Mario"]
[Black "Dirks, Rainer"]
[Result "1-0"]
[WhiteElo "1757"]
[BlackElo "975"]
[PlyCount "51"]
[EventDate "2006.10.12"]
[EventType "swiss"]
[EventRounds "7"]
[EventCountry "GER"]
[SourceTitle "EXT 2008"]
[Source "ChessBase"]
[SourceDate "2007.11.25"]
[SourceVersion "1"]
[SourceVersionDate "2007.11.25"]
[SourceQuality "1"]

1. d4 d5 2. c4 Nf6 3. Nc3 e6 4. Bg5 Bb4 5. Qa4+ Nc6 6. e3 Bxc3+ 7. bxc3 Bd7 8. Qa3 h6 9. Bh4 g5 10. Bg3 Ne4 11. Bd3 Nxg3 12. hxg3 Qe7 13. Qxe7+ Nxe7 14. Nf3 f6 15. 0-0-0 Nc6 16. Rh2 e5 17. cxd5 Ne7 18. dxe5 Nxd5 19. Bg6+ Ke7 20. Rxd5 Be6 21. Rd2 Rad8 22. Rxd8 Kxd8 23. exf6 Bxa2 24. Nxg5 Rf8 25. Ne4 Bd5 26. Rxh6 1-0